000 01098nam a2200265Ia 4500
003 OSt
005 20220918110944.0
006 a|||||r|||| 00| 0
007 ta
008 220915b |||||||| |||| 00| 0 hin d
020 _a8181435109 (hbk (Set))
_c6000
024 _a15,825
037 _b273, 03/03/2014, Vani Prakashan
_cReference Collections
040 _aARTS
_cARTS
_bhin
041 _2hin
_ahin
082 _aO152,6M94x, P7.1-.8(RR)
100 _aश्रीवास्तव, नलिनी, संपा.
245 0 _aपदुम लाल पुन्ना लाल बख्शी ग्रंथावली
246 _aPadum lāl punnā lāl bakhshī granthāvalī
260 _aनई दिल्ली
_bवाणी प्रकाशन भारत
_c2007
490 _vखण्ड 1
650 _aहिन्दी साहित्य
942 _hO152,6M94x, P7.1-.8(RR)
_cREF
999 _c115981
_d115981